[Event "Mumbai Wealth op"]
[Site "Mumbai"]
[Date "2016.02.03"]
[Round "7"]
[White "Amit, Soman"]
[Black "Alok, Sinha"]
[Result "0-1"]
[WhiteElo "1616"]
[BlackElo "1894"]
[PlyCount "124"]
[EventDate "2016.01.28"]
[EventType "swiss"]
[EventRounds "9"]
[EventCountry "IND"]
[SourceTitle "CBM 170 Extra"]
[Source "ChessBase"]
[SourceDate "2016.02.25"]
[SourceVersion "1"]
[SourceVersionDate "2016.02.25"]
[SourceQuality "1"]

1. e4 b6 2. d4 Bb7 3. Nc3 e6 4. Bd3 Nf6 5. Bg5 Bb4 6. Qe2 Be7 7. Nf3 h6 8. Bxf6 Bxf6 9. e5 Be7 10. 0-0 d5 11. Nd1 c5 12. c3 Nd7 13. Ne3 Qc7 14. Nd2 c4 15. Bc2 b5 16. f4 g6 17. Qg4 Nf8 18. Qh3 0-0-0 19. b4 a5 20. bxa5 Qxa5 21. Ng4 Nd7 22. a3 Kc7 23. Rfb1 Bc6 24. Rb4 Ra8 25. Nb1 Qb6 26. Rb2 b4 27. Qe3 b3 28. Bd1 Nc5 29. Nf2 Na4 30. Rd2 Qb7 31. Kf1 Ra6 32. Qe2 Rha8 33. g4 Nb6 34. f5 Bxa3 35. Nxa3 Rxa3 36. Rxa3 Rxa3 37. fxe6 fxe6 38. g5 h5 39. Qf3 Ra2 40. Qe2 Rxd2 41. Qxd2 Na4 42. Qe1 Qb5 43. Nh3 Qa5 44. Nf4 Qxc3 45. Qxc3 Nxc3 46. Nxe6+ Kb6 47. Ke1 Bd7 48. Nc5 Bf5 49. Bxb3 cxb3 50. Nxb3 Ne4 51. h4 Kb5 52. Nc1 Nc3 53. Kd2 Kb4 54. Ke3 Kc4 55. e6 Bxe6 56. Nd3 Bf5 57. Ne5+ Kb5 58. Nf7 Kc6 59. Kf4 Ne2+ 60. Ke5 Ng1 61. Kf4 Kd7 62. Ne5+ Ke6 0-1

[Event "Mumbai Wealth op"]
[Site "Mumbai"]
[Date "2016.02.02"]
[Round "6"]
[White "Kothari, Swapnil"]
[Black "Amit, Soman"]
[Result "1-0"]
[WhiteElo "2025"]
[BlackElo "1616"]
[PlyCount "159"]
[EventDate "2016.01.28"]
[EventType "swiss"]
[EventRounds "9"]
[EventCountry "IND"]
[SourceTitle "CBM 170 Extra"]
[Source "ChessBase"]
[SourceDate "2016.02.25"]
[SourceVersion "1"]
[SourceVersionDate "2016.02.25"]
[SourceQuality "1"]

1. d4 Nf6 2. c4 g6 3. Nc3 Bg7 4. Nf3 0-0 5. g3 d6 6. Bg2 Nbd7 7. 0-0 c6 8. b3 Qa5 9. Bb2 e5 10. e3 exd4 11. exd4 Qh5 12. Ba3 c5 13. Rc1 a6 14. Re1 b5 15. cxb5 axb5 16. Bb2 b4 17. Na4 Bb7 18. dxc5 Rxa4 19. bxa4 dxc5 20. Ne5 Qxd1 21. Rexd1 Bxg2 22. Nxd7 Nxd7 23. Bxg7 Kxg7 24. Rxd7 Bh3 25. Rc7 Ra8 26. R7xc5 Rxa4 27. R1c2 Be6 28. Rb2 Bxa2 29. Rb5 b3 30. f3 Rc4 31. Kf2 Rc3 32. f4 h5 33. Rb7 h4 34. gxh4 Rh3 35. Kg2 Rxh4 36. Kg3 Rh5 37. Re2 Rh8 38. Ree7 Rf8 39. Rec7 Kf6 40. Rb6+ Kg7 41. Rbb7 Kf6 42. Kg4 Kg7 43. Kg5 b2 44. Rxb2 Be6 45. Re2 Bf5 46. Ree7 Bh3 47. Ra7 Bc8 48. h4 Bh3 49. Rec7 Be6 50. Re7 Bh3 51. Rac7 Bc8 52. Rc6 Rh8 53. Rxg6+ Kf8 54. Rc7 Bh3 55. Rh6 Rg8+ 56. Kf6 Ke8 57. f5 Kd8 58. Kxf7 Kxc7 59. Kxg8 Bxf5 60. Rf6 Bg4 61. Kg7 Kd7 62. Kg6 Ke7 63. Rf4 Bd1 64. h5 Bc2+ 65. Kg7 Bd3 66. h6 Bc2 67. h7 Bxh7 68. Kxh7 Ke6 69. Kg6 Ke5 70. Kg5 Kd5 71. Kf5 Kd6 72. Rd4+ Kc6 73. Ke6 Kc5 74. Ke5 Kc6 75. Rd5 Kb6 76. Kd6 Kb7 77. Rb5+ Ka7 78. Kc7 Ka6 79. Rc5 Ka7 80. Ra5# 1-0

[Event "Mumbai Wealth op"]
[Site "Mumbai"]
[Date "2016.01.28"]
[Round "1"]
[White "Praggnanandhaa, Rameshbabu"]
[Black "Amit, Soman"]
[Result "1-0"]
[WhiteElo "2174"]
[BlackElo "1616"]
[PlyCount "109"]
[EventDate "2016.01.28"]
[EventType "swiss"]
[EventRounds "9"]
[EventCountry "IND"]
[SourceTitle "CBM 170 Extra"]
[Source "ChessBase"]
[SourceDate "2016.02.25"]
[SourceVersion "1"]
[SourceVersionDate "2016.02.25"]
[SourceQuality "1"]

1. b3 e5 2. Bb2 Nc6 3. e3 d5 4. Bb5 Bd6 5. f4 Qe7 6. Nf3 Bg4 7. fxe5 Bxf3 8. exd6 Qh4+ 9. g3 Qe4 10. Bd3 Nf6 11. Bxe4 Bxd1 12. Bxf6 dxe4 13. Kxd1 gxf6 14. Nc3 f5 15. dxc7 Kd7 16. Rf1 Ne7 17. Nb5 h5 18. Rf4 h4 19. gxh4 Rag8 20. Ke2 Rg2+ 21. Rf2 Rxf2+ 22. Kxf2 a6 23. Nc3 Rxh4 24. Rh1 Kxc7 25. h3 Kd6 26. Ne2 Ng6 27. d3 b5 28. a3 a5 29. Nd4 Rh5 30. Nxb5+ Kc5 31. Nc3 exd3 32. cxd3 f4 33. d4+ Kd6 34. e4 f6 35. Kf3 Rg5 36. Ne2 Nh4+ 37. Kxf4 Ng2+ 38. Kf3 Nh4+ 39. Ke3 f5 40. e5+ Ke6 41. Nf4+ Ke7 42. Kf2 Ng6 43. h4 Rg4 44. Nxg6+ Rxg6 45. h5 Rh6 46. d5 Kf7 47. e6+ Ke7 48. Kf3 Kd6 49. Re1 Ke7 50. d6+ Ke8 51. d7+ Ke7 52. Rd1 Rh8 53. d8Q+ Rxd8 54. Rxd8 Kxd8 55. h6 1-0